000 00284nam a2200121Ia 4500
008 190216s9999||||xx |||||||||||||| ||und||
100 _aKrishan Warrrier
245 0 _aPrathijna
260 _bPoorna Pubs Kozhikode
_c1956
300 _a76p
650 _aMalayalam Nadakam
942 _cBK
999 _c25625
_d25625